Hidden string: (Record no. 1435839)

MARC details
000 -LEADER
fixed length control field 00839 a2200241 4500
005 - DATE AND TIME OF LATEST TRANSACTION
control field 20251218150116.0
008 - FIXED-LENGTH DATA ELEMENTS--GENERAL INFORMATION
fixed length control field 251218b |||||||| |||| 00| 0 eng d
020 ## - INTERNATIONAL STANDARD BOOK NUMBER
International Standard Book Number 978-93-7033-013-9 (hbk)
037 ## - SOURCE OF ACQUISITION
Terms of availability TB
040 ## - CATALOGING SOURCE
Original cataloging agency CRL
Transcribing agency CRL
041 ## - LANGUAGE CODE
Source of code eng
Language code of text/sound track or separate title eng
084 ## - COLON CLASSIFICATION NUMBER
Classification number JoaXv275 R5
Assigning agency CRL
100 ## - MAIN ENTRY--PERSONAL NAME
Personal name Chaudhuri, Binay Bhushan
9 (RLIN) 822005
245 ## - TITLE STATEMENT
Title Hidden string:
Remainder of title agrarian economy of colonial Bengal and its institutional framework
260 ## - PUBLICATION, DISTRIBUTION, ETC.
Place of publication, distribution, etc. Delhi, India:
Name of publisher, distributor, etc. Primus Books,
Date of publication, distribution, etc. 2025.
300 ## - PHYSICAL DESCRIPTION
Extent xxi;911p.
365 ## - TRADE PRICE
Price amount 2650.00
Currency code INR
650 ## - SUBJECT ADDED ENTRY--TOPICAL TERM
Topical term or geographic name entry element Agriculture
9 (RLIN) 857856
650 ## - SUBJECT ADDED ENTRY--TOPICAL TERM
Topical term or geographic name entry element Economics
9 (RLIN) 857857
650 ## - SUBJECT ADDED ENTRY--TOPICAL TERM
Topical term or geographic name entry element Bengal-History
9 (RLIN) 857858
942 ## - ADDED ENTRY ELEMENTS (KOHA)
Koha item type Textbook
Source of classification or shelving scheme Colon Classification (CC)
Suppress in OPAC No
Classification part JoaXv275 R5
Holdings
Withdrawn status Lost status Source of classification or shelving scheme Damaged status Not for loan Home library Current library Date acquired Source of acquisition Cost, normal purchase price Inventory number Total Checkouts Full call number Barcode Date last seen Cost, replacement price Price effective from Koha item type
    Colon Classification (CC)     Central Library Central Library 2025-12-18 Pioneer Books Distributors 2120.00 094 & 07/10/2025   JoaXv275 R5 CL1924150 2025-10-17 2650.00 2025-10-17 Textbook
Copyright @ Delhi University Library System